000 00712nam a2200205 4500
001 127018
003 ES-MaACL
005 20251222200417.0
007 t|
008 070214s1962 sp r ||||1| spa d
100 1 _aRibéreau-Gayon, J.
_996799
245 1 0 _aAnálisis de vinos /
_cJ. Ribéreau-Gayon, E. Peynaud ; versión española de C. Díez de Bethencourt ; revisión y prólogo de I. Mareca Cortés.
260 _aMadrid :
_bAguilar,
_c1962.
300 _aXXIV, 611 p., 2 lám. :
_bil. ;
_c22 cm.
700 1 _aPeynaud, Emile.
_991592
700 1 _aDíez de Bethencourt, C.
_944699
700 0 _aMareca Cortés, Ildefonso
_976574
852 _aES-MaACL
_jC-22701
_bR.51483
999 _c127018
_d127018